| 000 | 01127cam a22002895a 4500 | ||
|---|---|---|---|
| 001 | 13402031 | ||
| 005 | 20180520103255.0 | ||
| 008 | 031113s2004 flua 001 0 eng | ||
| 020 | _a0849323061 | ||
| 020 | _a9780849323065 | ||
| 040 |
_aDLC _cDLC _dDLC _dEG-ScBUE _beng |
||
| 082 | 0 | 4 |
_222 _a658.054678 _bHOB |
| 100 | 1 |
_aHobbs, Chris‏. _941669 |
|
| 245 | 1 | 2 |
_aA practical approach to WBEM/CIM management / _cChris Hobbs. |
| 246 | 3 | 0 | _aPractical approach to Web-Based Enterprise Management/Component Information Model |
| 246 | 3 | _aWeb-Based Enterprise Management/Component Information Model | |
| 260 |
_aBoca Raton : _bAuerbach Publications, _cc.2004. |
||
| 300 |
_axiv, 325 p. : _bill. ; _c25 cm. |
||
| 500 | _aIncludes index. | ||
| 650 | 7 |
_aBusiness enterprises _xComputer networks. _2BUEsh _927486 |
|
| 650 | 7 |
_aComputer networks _xManagement. _2BUEsh _93818 |
|
| 651 | _2BUEsh | ||
| 653 |
_bBUSADM _cMay2018 |
||
| 856 | 4 | 1 |
_3Table of contents only _uhttp://www.loc.gov/catdir/toc/fy044/2003065978.html |
| 856 | 4 | 2 |
_3Publisher description _uhttp://www.loc.gov/catdir/enhancements/fy0647/2003065978-d.html |
| 942 | _2ddc | ||
| 999 |
_c26750 _d26722 |
||